000 00287nmm a2200097Ia 4500
008 220120s9999||||xx |||||||||||||||||und||
020 _a81-203-2797-7
100 _aLFY
_910674
245 0 _aNovember 2010 : ubuntu 10.10, ISO images of kubuntu 10.10 lu
260 _aEFY enterprises
_bNew Delhi
999 _c139627
_d139627